书目信息 |
| 题名: |
土壤学实验指导教程
|
|
| 作者: | 胡慧蓉 , 王艳霞 主编 | |
| 分册: | ||
| 出版信息: | 北京 中国林业出版社教育分社 2020.10 |
|
| 页数: | 138页 | |
| 开本: | 25cm | |
| 丛书名: | ||
| 单 册: | ||
| 中图分类: | S15 | |
| 科图分类: | ||
| 主题词: | 土壤学--实验--高等学校--教材 | |
| 电子资源: | ||
| ISBN: | 978-7-5219-0759-9 | |
| 000 | 01113nam0 2200301 45 | |
| 001 | 012001000697 | |
| 005 | 20211012144103.73 | |
| 010 | @a978-7-5219-0759-9@dCNY25.00 | |
| 100 | @a20201230d2020 em y0chiy50 ea | |
| 101 | 0 | @achi |
| 102 | @aCN@b110000 | |
| 105 | @aa z 000yy | |
| 106 | @ar | |
| 200 | 1 | @a土壤学实验指导教程@Atu rang xue shi yan zhi dao jiao cheng@b专著@f胡慧蓉,王艳霞主编 |
| 205 | @a2版 | |
| 210 | @a北京@c中国林业出版社教育分社@d2020.10 | |
| 215 | @a138页@c图@d25cm | |
| 300 | @a国家林业和草原局普通高等教育“十三五”规划教材 | |
| 300 | @a并列题名:Experimental tutorial of soil science | |
| 312 | @a封面英文题名:Experimental tutorial of soil science | |
| 330 | @a本书包含了土壤基本调查、土壤物理性质、土壤化学性质、土壤酶与土壤微生物生物量、土壤重金属与有效态微量元素等实验室分析项目的测定方法。 | |
| 510 | 1 | @aExperimental tutorial of soil science@zeng |
| 606 | 0 | @a土壤学@x实验@x高等学校@j教材 |
| 690 | @aS15@v5 | |
| 701 | 0 | @a胡慧蓉@Ahu hui rong@4主编 |
| 701 | 0 | @a王艳霞@Awang yan xia@4主编 |
| 801 | 0 | @aCN@bBJSDL@c20211011 |
| 905 | @b1331994-7@dS15@e143=2@f4 | |
| 土壤学实验指导教程/胡慧蓉,王艳霞主编.-2版.-北京:中国林业出版社教育分社,2020.10 |
| 138页:图;25cm |
| 国家林业和草原局普通高等教育“十三五”规划教材.-并列题名:Experimental tutorial of soil science |
| ISBN 978-7-5219-0759-9:CNY25.00 |
| 本书包含了土壤基本调查、土壤物理性质、土壤化学性质、土壤酶与土壤微生物生物量、土壤重金属与有效态微量元素等实验室分析项目的测定方法。 |
| ● |
| 相关链接 |
|
|
|
|
正题名:土壤学实验指导教程
索取号:S15/143=2
 
预约/预借
| 序号 | 登录号 | 条形码 | 馆藏地/架位号 | 状态 | 备注 |
| 1 | 1331994 | 213319942 | 第二样本阅览室/ [索取号:S15/143=2] | 在馆 | |
| 2 | 1331995 | 213319951 | 第三借阅区/ [索取号:S15/143=2] |
已借出,限还日期为2026.06.15 借出人:李一丹 |
|
| 3 | 1331996 | 213319960 | 第三借阅区/ [索取号:S15/143=2] | 在馆 | |
| 4 | 1331997 | 213319979 | 第三借阅区/ [索取号:S15/143=2] | 在馆 |